000 00905nas a2200289 4500
001 BR0100526
003 BR-BrBNA
005 20231205102038.0
007 ta
008 230509b bl.|||p| |||| 00| 00por d
040 _aBR-BrBNA
_bpor
_cBiblioteca Nacional de Agricultura
041 _a(Pt)
072 _aP33
100 1 _aPrevedello, C.L.
100 1 _aBalena, S.P.
245 1 _aEfeitos de polimeros hidrorretentores nas propriedades fisico-hidricas de dois meios porosos
650 _aLatossolo Vermelho
650 _aAreia
650 _aRetencao de Agua no Solo
650 _aPorosidade
650 _aPolimerizacao
650 _aModelo Matematico
650 _aCondutividade Hidraulica
773 0 _tRevista Brasileira de Ciencia do Solo (Brazil)
_xISSN 0100-0683
_g(Apr-Jun 2000), v. 24(2) p. 251-258
_wBR0100526
909 _a202311
_bLúcia
_c55
_dLúcia Elande
942 _2AGRIS
_n0
_cANA
999 _c165427
_d165427